000 00416nam a2200145Ia 4500
008 230917s9999||||xx |||||||||||||| ||und||
040 _e46946
_aMAIN
041 _aEnglish
082 _a822.09 K38S
100 _aKennedy, Andrew K
245 0 _aSix dramatists in search of a language: studies in dramatic language
260 _aCambridge
_bCambridge University Press
_c1975
300 _axiv, 271 p.
942 _cBK
999 _c197433
_d197433